000 00376 a2200157 4500
001 150858
040 _cEscola São Tomás de Aquino
100 _aBASCH, Adela
240 1 0 _aNão era uma vez...
_lpor
245 1 0 _aNão era uma vez...
300 _a127
362 0 _a2015
440 1 _aMelhoramentos
697 _aContos de Fadas e Clássicos da Literatura
942 _cBK
999 _c150858
_d150858